Boston by Picture - Statistics

General Stats
  • This quiz has been taken 84 times
  • The average score is 12 of 15
Answer Stats
Picture Hint Answer % Correct
(stadium) Fenway Park
99%
(university) Harvard University
99%
(dish) Clam Chowder
95%
(airport) Logan International Airport
95%
(event) Boston Tea Party
92%
(river) Charles River
90%
(rail network) MBTA
87%
(stadium) Gillette Stadium
82%
(park) Boston Common
81%
(event) Boston Marathon Bombing
79%
(event) Boston Massacre
77%
(tv show) Cheers
77%
(building) Faneuil Hall
66%
(complex) Prudential Center
61%
(road) Massachusetts Turnpike
49%
No matching quizzes found
Score Distribution
Percent of People with Each Score
Percentile by Number Answered
Your Score History
You have not taken this quiz